00929nam a22002417a 450000500170000000800410001702000180005804100080007604400070008408200160009124501060010726000830021330000270029650400280032365000640035165000610041565000720047665000220054865000300057070000250060070000340062570000280065920160213020003.0150914s2011 ck ao gr 00010cspa d a97895884915230 aspa ack04a363.7bI62g00aGuía de especies introducidas marinas y costeras de ColombiacEditado por Adriana Gracia ...[et al] aBogotá :bMinisterio de Ambiente y Desarrollo Sostenible, bInvemar, c2011. a136 p.bil. ; c28 cm. aIncluye bibliografía. 6aEspecies xenobióticasx Diagnósticoz Colombiax Listas 4aEspecies alóctonasx Diagnósticoz Colombiax Listas 4aEspecies exóticasx Controlx Política gubernamentalz Colombia 4aControl ambiental 4aInvestigación ambiental1 aGracia, Adrianaeed.1 aMedellín-Mora, Johannaeed.1 aGil-Agudelo, Diegoeed.